| 000 | 00500nam a2200229Ia 4500 | ||
|---|---|---|---|
| 008 | 210210b2017 xxu||||| |||| 00| 0 eng d | ||
| 041 | _aeng | ||
| 082 | _a920K PARS | ||
| 100 | _aPARANJYOTHI | ||
| 245 | _aSrushtiya sele: R S Rajram baduku sadhane | ||
| 260 |
_aBengaluru _b- _c2017 |
||
| 300 | _a204 | ||
| 650 | _aSrushtiya | ||
| 650 | _asele: | ||
| 650 | _asaadhane | ||
| 650 | _aS | ||
| 650 | _aRajram | ||
| 650 | _aR | ||
| 650 | _abaduku | ||
| 690 | _aBiography | ||
| 906 | _a071430 | ||
| 999 |
_c120823 _d120823 |
||